00238nam a2200109Ia 4500008004100000100001500041245002600056260001300082650001100095942000700106999001500113190216s9999||||xx |||||||||||||| ||und|| aCuller D F 0aApplied Plant Anatomy bLongmans aBotany cBK c1410d1410